000 00608cam a22002411 4500
001 sa 64008509
003 DLC
005 20260227112055.0
008 890919m19629999ii ac 000 0 maro
010 _asa 64008509
035 _a(OCoLC)20366073
040 _aDLC
_cWaU
_dDLC
042 _apremarc
043 _aa-ii---
050 0 0 _aHN683.5
_b.J6
100 1 _aJoshi, Shripad,
_d1920-
245 1 0 _aGrāmīṇa vikāsācī vāṭacāla.
260 _c1962-
300 _av. in
_billus. ports.
_c22 cm.
500 _aIn Marathi.
650 0 _aVillages
_zIndia.
651 0 _aIndia
_xRural conditions.
999 _c60907
_d60907